Report of the task force on prevention, clinical services and residential care : president's panel on mental retardation (Record no. 495560)

000 -LEADER
fixed length control field 00590cam a22001337a 4500
008 - FIXED-LENGTH DATA ELEMENTS--GENERAL INFORMATION
fixed length control field 180718b1962 xxu||||| |||| 00| 0 eng d
082 ## - DEWEY DECIMAL CLASSIFICATION NUMBER
Classification number Q65x73 Un3
245 ## - TITLE STATEMENT
Title Report of the task force on prevention, clinical services and residential care : president's panel on mental retardation
Statement of responsibility, etc. by U.S. Department Of Health, Education And Welfare, Washington
260 ## - PUBLICATION, DISTRIBUTION, ETC.
Place of publication, distribution, etc. Washington
Name of publisher, distributor, etc. The Persident's Panel on Mental retardation
Date of publication, distribution, etc. 1962
300 ## - PHYSICAL DESCRIPTION
Extent 57p.
500 ## - GENERAL NOTE
General note Chairman : Edward Davens
700 ## - ADDED ENTRY--PERSONAL NAME
Personal name Davens, Edward (chairman)
700 ## - ADDED ENTRY--PERSONAL NAME
Personal name U.K. U.S. Department Of Health, Education And Welfare
Holdings
Withdrawn status Lost status Damaged status Not for loan Permanent Location Current Location Date acquired Full call number Barcode Date last seen Price effective from Koha item type
        Indian Institute of Public Administration Indian Institute of Public Administration 2018-08-04 Q65x73 Un3 G5014 2018-08-04 2018-08-04 G

Powered by Koha